000 01450cad a22002175a 4500
001 L156638
008 120615s2012 xxk f 000 0 eng d
035 _a(Sirsi) u156638
041 0 _aeng
110 2 _aUnited Kingdom
_bDepartment of Energy and Climate Change
_95850
245 0 4 _aThe Green Deal and energy company obligation
_bGovernment response to the November 2011 consultation
_h[electronic resource]
260 _aLondon
_bDECC
_c2012
520 _aGovernment response to the Green Deal and ECO consultation published in November 2011. Gives full details of the final Green Deal policy including various changes which involve improved consumer protections such as restrictions on 'cold calling' and new rules requiring Green Deal Assessors to declare any commission they might be receiving for carrying out an assessment. Also a change to the warranties proposal eases requirements on businesses to hold warranties for the length of a Green Deal plan while maintaining robust minimum standards of protection for consumers, including 25 year warranties in the case of wall insulation.
590 _aKA NTK
651 4 _aEngland and Wales
_y1543-
651 4 _aScotland
690 _aSustainability
_96271
690 _aEnvironment
_96238
856 4 0 _uhttps://www.decc.gov.uk/assets/decc/11/consultation/green-deal/5521-the-green-deal-and-energy-company-obligation-cons.pdf
_zView the item free of charge at www.decc.gov.uk
942 _n0
999 _c114336
_d114336